000 00384pab a2200145 454500
008 180718b1995 xxu||||| |||| 00| 0 eng d
100 _aPradhan, Radhe Gopal
245 _aThe United Nations in a transitional world: a third world perspective
260 _c1995
300 _ap.55-64
362 _aOct-Dec
650 _aUnited Nations
773 _aIndia Quarterly
909 _a32112
999 _c32112
_d32112